Predchádzanie nesprávnemu úradnému postupu obcami ako orgánmi verejnej správy
Právne konanie bez zbytočných prieťahov je jedným zo základných predpokladov dôvery občanov vo výkon verejnej správy. Článok upozorňuje na najčastejšiu chybu obcí v správnom konaní a prináša praktický návod, ako jej predísť.
Saved in:
| Main Author: | |
|---|---|
| Format: | Book Chapter |
| Language: | Slovak |
| Subjects: | |
| Tags: |
No Tags, Be the first to tag this record!
|
MARC
| LEADER | 00000naa a2200000 4500 | ||
|---|---|---|---|
| 001 | 0313796 | ||
| 005 | 20260105101453.8 | ||
| 041 | 0 | |a slo | |
| 044 | |a SK | ||
| 245 | 1 | 0 | |a Predchádzanie nesprávnemu úradnému postupu obcami ako orgánmi verejnej správy |c Jana Gallová |
| 520 | |a Právne konanie bez zbytočných prieťahov je jedným zo základných predpokladov dôvery občanov vo výkon verejnej správy. Článok upozorňuje na najčastejšiu chybu obcí v správnom konaní a prináša praktický návod, ako jej predísť. | ||
| 610 | 2 | 0 | |a konanie správne |
| 610 | 2 | 0 | |a správa verejná |
| 610 | 2 | 0 | |a obce |
| 610 | 2 | 0 | |a administratíva |
| 610 | 2 | 0 | |a poriadok správny |
| 100 | 1 | |a Gallová, Jana | |